|
|
|
|
| LEADER |
00000nab a2200000 a 4500 |
| 001 |
vtls000212624 |
| 003 |
SK-MaSNL |
| 005 |
20260302203959.0 |
| 008 |
040806c1985 xo 0 slo |
| 015 |
|
|
|a SNBRB19rr/mm-uuuuu
|
| 035 |
|
|
|a CL0222738
|
| 040 |
|
|
|a SNKBUCL
|b slo
|c SNKBUCL
|e AACR2
|
| 041 |
0 |
|
|a slo
|
| 044 |
|
|
|a xo
|c SK
|
| 080 |
|
|
|a 630 4
|x (253)
|2 1981
|
| 245 |
0 |
0 |
|a Zelený pás zeme
|b Zachránime tropické dažďové pralesy?
|c NG
|
| 300 |
|
|
|b Obr.
|
| 650 |
0 |
7 |
|a dažďové lesy
|2 snkbucl
|9 87079
|
| 650 |
0 |
7 |
|a tropické dažďové lesy
|2 snkbucl
|9 81341
|
| 773 |
0 |
|
|t Elektrón
|g Roč. 13, č. 3 (1985), s. 16-18
|
| 850 |
|
|
|a Slovenská národná knižnica v Martine
|a MTA001
|
| 852 |
|
|
|a SNK
|b KIS3GCP
|
| 999 |
|
|
|c 1471349
|d 1473279
|